000 00814nam a2200289 b 4500
001 937249
003 DO-SdBNP
005 20160421081242.0
007 937249
008 980716s1998 sp | ||| ||spa
016 7 _a
_2BPMSU
017 _a
_b
020 _a8434860651
035 _a
040 _aBPMSU
_bspa
_cBPMSU
_e
041 1 _aspa
_h
080 0 _a
100 1 _aWhybrow, Ian
240 1 0 _aLittle wolf's diary of daring deeds
_lespañol
245 1 0 _aDiario de hazañas de Lobito /
_cIan Whybrow ; traducción del inglés, Miguel Azaola
_h
260 _aMadrid :
_bSM,
_c1998
300 _a128 p.:
_c22 cm
490 1 _aEl barco de vapor. Serie Oro. Azul
_v12
830 3 _aEl barco de vapor.
_pSerie Oro.
_pAzul
_v12
942 _2ddc
_cBK
956 _aVMATEO
_210
_320160421
_6BPMSU
_80069
999 _c9874
_d9874